Tiềm năng phát triển du lịch sinh thái vùng hồ Phú Ninh, tỉnh Quảng Nam

Αποθηκεύτηκε σε:
Λεπτομέρειες βιβλιογραφικής εγγραφής
Άλλοι συγγραφείς: Nguyễn Phú, Hoàng Thị Diệu Huyền (hướng dẫn), Bùi Văn Quyết, Phan Thị Hồng Diên, Huỳnh Thị Kim Ngân
Μορφή: Βιβλίο
Γλώσσα:Vietnamese
Έκδοση: Đà Nẵng Trường Đại học Sư phạm 2012
Θέματα:
Ετικέτες: Προσθήκη ετικέτας
Δεν υπάρχουν, Καταχωρήστε ετικέτα πρώτοι!
Thư viện lưu trữ: Mạng thư viện Đại học Đà Nẵng
LEADER 01588nam a2200385 4500
001 000016859
003 13268
005 20121228161221.0
008 121228s2012 viesd
041 |a vie 
082 1 4 |a 577.63  |b Tiê 
245 1 0 |a Tiềm năng phát triển du lịch sinh thái vùng hồ Phú Ninh, tỉnh Quảng Nam  |c Nguyễn Phú, ... ; Hoàng Thị Diệu Huyền hướng dẫn  |k Báo cáo khoa học 
260 |a Đà Nẵng  |b Trường Đại học Sư phạm  |c 2012 
300 |a 47 tr., 11 phụ lục  |b mh. màu  |c 29 cm. 
500 |a Công trình tham gia hội nghị sinh viên nghiên cứu khoa học Trường Đại học Sư phạm năm 2012. Khoa Địa lý. 
650 0 4 |a Du lịch sinh thái  |v Báo cáo khoa học  |x Hồ Phú Ninh  |z Quảng Nam 
653 |a Địa lý 
653 |a Nghiên cứu khoa học 
653 |a Du lịch sinh thái 
700 1 |a Nguyễn Phú 
700 1 |a Hoàng Thị Diệu Huyền  |e hướng dẫn 
700 1 |a Bùi Văn Quyết 
700 1 |a Phan Thị Hồng Diên 
700 1 |a Huỳnh Thị Kim Ngân 
OWN |a LSP 
AVA |a UDN50  |b LSP  |d 577.63 Tiê  |e available  |t Error 5001 Not defined in file expand_doc_bib_avail.  |f 1  |g 0  |h N  |i 0  |k 1 
999 |a From the UDN01 
AVA |a UDN50  |b LSP  |d 577.63 Tiê  |e available  |t Error 5001 Not defined in file expand_doc_bib_avail.  |f 1  |g 0  |h N  |i 0  |k 1 
TYP |a Mixed Materials 
TYP |a Monograph 
TYP |a Printed language 
980 |a Mạng thư viện Đại học Đà Nẵng